书目信息 |
| 题名: |
智者的困惑
|
|
| 作者: | 丁玖 著 | |
| 分册: | ||
| 出版信息: | 北京 高等教育出版社 2013.01 |
|
| 页数: | 313页 | |
| 开本: | 24cm | |
| 丛书名: | ||
| 单 册: | ||
| 中图分类: | O415.5 , O189.12 | |
| 科图分类: | ||
| 主题词: | 混沌理论--普及读物 , 分形理论--普及读物 , 混沌理论 , 分形理论 | |
| 电子资源: | ||
| ISBN: | 978-7-04-035148-4 | |
| 000 | 01064nam0 2200313 450 | |
| 001 | 006037203 | |
| 005 | 20130627095605.79 | |
| 010 | @a978-7-04-035148-4@dCNY39.00 | |
| 049 | @aA330300WZL@bUCS01006037203@c006037203 | |
| 100 | @a20130607d2013 em y0chiy0110 ea | |
| 101 | 0 | @achi |
| 102 | @aCN@b110000 | |
| 105 | @aa z 000yy | |
| 106 | @ar | |
| 200 | 1 | @a智者的困惑@9zhi zhe de kun huo@e混沌分形漫谈@f丁玖著 |
| 210 | @a北京@c高等教育出版社@d2013.01 | |
| 215 | @a313页@c图,照片@d24cm | |
| 330 | @a本书作者以散文和哲理的笔调勾勒出百余年来混沌、分形思想发展进程中的几大幅宏伟画面,引领读者跟随近代科学、数学史上青史留名的一批智者,历经一次混沌、分形思想形成与概念发展的百年之旅。 | |
| 333 | @a一般读者 | |
| 517 | 1 | @a混沌分形漫谈@9hun dun fen xing man tan |
| 606 | 0 | @a混沌理论@j普及读物 |
| 606 | 0 | @a分形理论@j普及读物 |
| 606 | 0 | @a混沌理论 |
| 606 | 0 | @a分形理论 |
| 690 | @aO415.5@v5 | |
| 690 | @aO189.12@v5 | |
| 701 | 0 | @a丁玖@9ding jiu@4著 |
| 801 | 0 | @aCN@b大连网信软件有限公司图书馆·11@c20130627 |
| 905 | @b546395-99@dO415.5@e96@f5 | |
| 智者的困惑:混沌分形漫谈/丁玖著.-北京:高等教育出版社,2013.01 |
| 313页:图,照片;24cm |
| 使用对象:一般读者 |
| ISBN 978-7-04-035148-4:CNY39.00 |
| 本书作者以散文和哲理的笔调勾勒出百余年来混沌、分形思想发展进程中的几大幅宏伟画面,引领读者跟随近代科学、数学史上青史留名的一批智者,历经一次混沌、分形思想形成与概念发展的百年之旅。 |
| ● |
| 相关链接 |
|
|
|
|
正题名:智者的困惑
索取号:O415.5/96
 
预约/预借
| 序号 | 登录号 | 条形码 | 馆藏地/架位号 | 状态 | 备注 |
| 1 | 546395 | 205463951 | 第二样本阅览室/ [索取号:O415.5/96] | 在馆 | |
| 2 | 546396 | 205463960 | 第三借阅区/ [索取号:O415.5/96] | 在馆 | |
| 3 | 546397 | 205463979 | 第三借阅区/ [索取号:O415.5/96] | 在馆 | |
| 4 | 546398 | 205463988 | 第三借阅区/ [索取号:O415.5/96] | 在馆 | |
| 5 | 546399 | 205463997 | 第三借阅区/ [索取号:O415.5/96] | 在馆 |